00330nam a2200133Ia 4500008004100000020001500041041001200056082001100068100001700079245004000096260003700136300000800173650001500181221030s9999 xx 000 0 und d a818054575X aEnglish a105.23 aL. M. Prasad 0aPrinciples & Practice of Management bS. Chand & SonsaNew Delhic2007 a884 aManagement